| 000 | 00690cam a22002171a 4500 | ||
|---|---|---|---|
| 001 | ca 17003455 | ||
| 003 | DLC | ||
| 005 | 20260227111106.0 | ||
| 008 | 890630s1868 xx 000 0 eng | ||
| 010 | _aca 17003455 | ||
| 035 | _a(OCoLC)19953775 | ||
| 040 |
_aDLC _cCoD _dDLC |
||
| 042 | _apremarc | ||
| 050 | 0 | 0 |
_aPE1145 _b.M5 |
| 100 | 1 | _aMartindale, Joseph C. | |
| 245 | 1 | 4 |
_aThe primary speller : _bfor young children. Designed as an introduction to th author's common school speller. / _cBy Joseph C. Martindale... |
| 260 |
_aPhiladelphia : _bE. H. Buttler & co., _c1868. |
||
| 300 |
_a95 p. : _bill. ; _c18 cm. |
||
| 490 | 0 | _aMartindale's series of spellers. | |
| 650 | 0 | _aSpellers. | |
| 999 |
_c15299 _d15299 |
||